000 00376nam a2200121Ia 4500
008 210430s9999 xx 000 0 und d
082 _a620.118 P7621 P
100 _aImran Sadiq Awan
245 _aPolymer Composite Processing /
_cImran Sadiq Awan
260 _aLahore
_bMetallurgical Engineering and Materials Science(Uet Lahore)
_c2007
300 _a214p.
942 _cBK
_2ddc
999 _c563473
_d563473